Дело о побеге из Хотинского тюремного замка Бессарабской области арестантов из иностранцев Андрея Голуба и Ивана Заруба

Доступно только в Электронных читальных залах Найти на картеНа карте
RUSMARC
00003728nmc2a22000003x 450
001adb5af6b-71c0-41d9-9cb7-d7e212f5a614
00520210312000228.0
100##$a20181204l18671868k l0rusy0189 ca
1010#$arus
102##$aRU
2001#$aДело о побеге из Хотинского тюремного замка Бессарабской области арестантов из иностранцев Андрея Голуба и Ивана Заруба
$j29 мая 1867 г. - 3 апреля 1868 г.
251##$cДело
300##$aДело
801#0$aRU
$bРГИА
$c20181204
$gRCR
801#1$aRU
$bГлавНИВЦ
$c20181204
$2rusmarc
801#2$aRU
$bПБ им. Б.Н. Ельцина
$c20210312
$gRCR
$2rusmarc
850##$aРГИА
852##$aРГИА
$eФедеральное казенное учреждение "Российский государственный исторический архив" (РГИА)
$j605
937##$hРГИА
$d12294793
$aASBIBLIO_SCAN
462#0$100191353b96-cc3d-4f24-9eeb-3bfef1665a95
$12001
$aДела Департамента полиции исполнительной МВД за 1867 год
$1251
$cОпись
$1852
$j28
$l1867 г.
461#0$10013e300ed0-cd39-49af-8489-5ba5b90fa401
$12001
$aДепартамент полиции исполнительной МВД
$1251
$cФонд
$1852
$j1286
215##$a8 л.
$d36,5х26 см
371##$aДокумент не является опубликованным и широко распространяемым
105##$ay###
1222#$ad
035##$aadb5af6b-71c0-41d9-9cb7-d7e212f5a614
856##$uhttp://readingroom.main.prlib.ru/item.aspx?id_node=n158529569&mode=full
Формат отображения